00225nam a2200097Ia 4500008004100000100001300041245003500054260001600089942000700105999001500112190216s9999||||xx |||||||||||||| ||und|| aFerguson 0aText Book Of Organic Chemistry bVannostrand cBK c1938d1938